[Event "Wch U10 Girls"]
[Site "Batumi"]
[Date "2016.10.21"]
[Round "3"]
[White "Guliyeva, Leyla"]
[Black "Surovtseva, Alisa"]
[Result "0-1"]
[WhiteElo "1239"]
[BlackElo "1551"]
[PlyCount "78"]
[EventDate "2016.10.19"]
[EventType "swiss"]
[EventRounds "11"]
[EventCountry "GEO"]
[SourceTitle "EXT 2018"]
[Source "ChessBase"]
[SourceDate "2017.10.13"]
[SourceVersion "1"]
[SourceVersionDate "2017.10.13"]
[SourceQuality "1"]

1. e4 e5 2. Nf3 Nc6 3. d4 exd4 4. Nxd4 Bb4+ 5. c3 Bc5 6. Be3 Bb6 7. Qg4 Qf6 8. Qg3 d6 9. Bb5 Bd7 10. Nd2 a6 11. Bd3 Nxd4 12. cxd4 Bxd4 13. Bxd4 Qxd4 14. Rb1 Ne7 15. 0-0 0-0 16. Nb3 Qf6 17. f4 Ng6 18. f5 Ne5 19. Rbd1 Nxd3 20. Rxd3 Bb5 21. Rdf3 Bxf1 22. Rxf1 Rfe8 23. Qg4 Re7 24. Rf2 Rae8 25. Rf4 d5 26. Nd2 Qd4+ 27. Rf2 f6 28. h3 dxe4 29. Nxe4 Rxe4 30. Qf3 Re1+ 31. Kh2 Qe5+ 32. Qg3 Rh1+ 33. Kxh1 Qxg3 34. Kg1 Re1+ 35. Rf1 Qe3+ 36. Kh2 Rxf1 37. h4 Qf4+ 38. g3 Rf2+ 39. Kh1 Qc1# 0-1

[Event "Wch U10 Girls"]
[Site "Batumi"]
[Date "2016.10.20"]
[Round "2"]
[White "Contreras Huaman, Fiorella Daiana"]
[Black "Guliyeva, Leyla"]
[Result "0-1"]
[WhiteElo "1417"]
[BlackElo "1239"]
[PlyCount "46"]
[EventDate "2016.10.19"]
[EventType "swiss"]
[EventRounds "11"]
[EventCountry "GEO"]
[SourceTitle "EXT 2018"]
[Source "ChessBase"]
[SourceDate "2017.10.13"]
[SourceVersion "1"]
[SourceVersionDate "2017.10.13"]
[SourceQuality "1"]

1. e4 c5 2. Nf3 Nc6 3. c3 Nf6 4. Bd3 e5 5. 0-0 Be7 6. Re1 0-0 7. Bc2 d6 8. d4 cxd4 9. cxd4 Bg4 10. Be3 exd4 11. Bxd4 Bxf3 12. gxf3 Nxd4 13. Qxd4 Qa5 14. Nc3 Qg5+ 15. Kh1 Qh5 16. Qd3 Qh6 17. Nd5 Bd8 18. Nxf6+ Bxf6 19. Qxd6 Rad8 20. Qg3 Rd2 21. Qc7 Rxf2 22. Rf1 Bd8 23. Qg3 Rxc2 0-1